00000000nam##2200000za#4500
0019.692374
003CaOODSP
00520210624233203
007cr |||||||||||
008150407|2009||||xxc|||||o    f|0| 0 eng|d
020 |a978-1-100-13198-6
040 |aCaOODSP|beng
043 |an-cn---
0861 |aCH4-142/2009E-PDF
1101 |aCanada. |bCanadian Heritage.
24510|aLet's talk! |h[electronic resource]
260 |aOttawa - Ontario : |bCanadian Heritage |cc2009.
300 |a11p.|bcoloured illus.
590 |a12-24-Supp|b2012-05-30
77508|tParlons-nous! |w(CaOODSP)9.636644
85640|ahttp://publications.gc.ca|qPDF|s892 KB|uhttps://publications.gc.ca/collections/collection_2011/pc-ch/CH4-142-2009-eng.pdf